| 000 | 00523cam a2200193ua 4500 | ||
|---|---|---|---|
| 001 | 1471 | ||
| 008 | 110709n ii |||gr||||Z||||||asm | ||
| 040 | _cMAIN | ||
| 082 | _a320.5 | ||
| 100 |
_aPaul, Kepesh Ch., _eAuthor. |
||
| 245 | 1 |
_aRajnaitik Tattva plato aru aristotle chintadhara _cby Kepesh Ch. Paul |
|
| 250 | _a4th. | ||
| 260 |
_aGuahati: _bArun Prakashan,997. |
||
| 300 |
_a458p: _c23cm. |
||
| 653 | _aPolitical science | ||
| 653 | _aRajnaitik chintadhara | ||
| 700 |
_aNayak, Putul Ch., _eAuthor. |
||
| 942 | _cBK | ||
| 999 |
_c1360 _d1360 |
||